000
00293nam a2200121Ia 4500
008
241028s9999 xx 000 0 und d
041
_a
eng
082
_a
158.3 EVA
100
_a
Evans
245
_a
Counselling Skills For Dummies
260
_b
Wiley
_a
New Dehli
_c
2014
300
_a
330;. P. 24 cm
999
_c
42813
_d
42813